[Event "TUR Cup"]
[Site "Antalya"]
[Date "2019.02.02"]
[Round "10"]
[White "Uysal, Ilyas"]
[Black "Sakalli, Mustafa"]
[Result "1-0"]
[WhiteElo "1718"]
[BlackElo "1955"]
[PlyCount "46"]
[EventDate "2019.01.27"]
[EventType "swiss"]
[EventRounds "11"]
[EventCountry "TUR"]
[SourceTitle "CBM 188 Extra"]
[Source "ChessBase"]
[SourceDate "2019.02.26"]
[SourceVersion "1"]
[SourceVersionDate "2019.02.26"]
[SourceQuality "1"]

1. e4 c5 2. Nf3 e6 3. c4 Nc6 4. Nc3 Qc7 5. d4 cxd4 6. Nxd4 a6 7. Be3 Nf6 8. a3 h5 9. h3 g6 10. Be2 Bg7 11. 0-0 0-0 12. Rc1 Qb8 13. f4 d6 14. Qd2 Bd7 15. Nf3 b5 16. e5 Ne8 17. exd6 bxc4 18. Rcd1 Qb3 19. Rc1 Rb8 20. Rc2 Rb7 21. Ne4 Rb8 22. Nc3 Bxc3 23. bxc3 Nxd6 1-0

[Event "TUR Cup"]
[Site "Antalya"]
[Date "2019.01.31"]
[Round "7"]
[White "Bulut, Nazim"]
[Black "Uysal, Ilyas"]
[Result "0-1"]
[WhiteElo "1496"]
[BlackElo "1718"]
[PlyCount "59"]
[EventDate "2019.01.27"]
[EventType "swiss"]
[EventRounds "11"]
[EventCountry "TUR"]
[SourceTitle "CBM 188 Extra"]
[Source "ChessBase"]
[SourceDate "2019.02.26"]
[SourceVersion "1"]
[SourceVersionDate "2019.02.26"]
[SourceQuality "1"]

1. e4 c6 2. d4 d5 3. e5 Bf5 4. Nc3 e6 5. a3 c5 6. Be3 Nc6 7. Bb5 cxd4 8. Bxc6+ bxc6 9. Qxd4 Bxc2 10. b4 a5 11. Rc1 Bb3 12. Nge2 Bc4 13. Rb1 Rb8 14. 0-0 axb4 15. axb4 Qc7 16. Rfe1 Rxb4 17. Rxb4 Bxb4 18. Ra1 Ne7 19. Ra8+ Nc8 20. Nxd5 cxd5 21. Qd1 0-0 22. Ng3 Qxe5 23. h3 f5 24. Nh5 Bc3 25. g4 d4 26. Qa4 Bd5 27. Rxc8 Rxc8 28. Qd7 Qc7 29. Qxd5 exd5 30. Bf4 0-1

[Event "TUR Cup"]
[Site "Antalya"]
[Date "2019.01.30"]
[Round "6"]
[White "Uysal, Ilyas"]
[Black "Dinler, Oral"]
[Result "1-0"]
[WhiteElo "1718"]
[BlackElo "1688"]
[PlyCount "105"]
[EventDate "2019.01.27"]
[EventType "swiss"]
[EventRounds "11"]
[EventCountry "TUR"]
[SourceTitle "CBM 188 Extra"]
[Source "ChessBase"]
[SourceDate "2019.02.26"]
[SourceVersion "1"]
[SourceVersionDate "2019.02.26"]
[SourceQuality "1"]

1. c4 f5 2. Nc3 e6 3. d4 Nf6 4. g3 Be7 5. Bg2 c6 6. e4 d5 7. cxd5 cxd5 8. exd5 Nxd5 9. Nxd5 exd5 10. Qb3 Nc6 11. Bxd5 Nxd4 12. Qa4+ Nc6 13. Bb3 Bb4+ 14. Kf1 Qd3+ 15. Kg2 b5 16. Bc4 Qxc4 17. Qd1 0-0 18. b3 Qd4 19. Qc2 Qe4+ 20. Qxe4 fxe4 21. Be3 Bg4 22. h3 Bf3+ 23. Nxf3 exf3+ 24. Kh2 Rac8 25. Rac1 a6 26. Rhd1 Ne5 27. Bd4 Rxc1 28. Rxc1 Re8 29. Rc7 Bd6 30. Ra7 Nf7 31. Rxa6 h6 32. a4 bxa4 33. bxa4 Be5 34. Be3 Bc3 35. Rc6 Ba5 36. Ra6 Be1 37. g4 Re4 38. Ra8+ Kh7 39. a5 Nd6 40. a6 Re8 41. Rxe8 Nxe8 42. Bb6 Nc7 43. Bxc7 Bxf2 44. Bb8 h5 45. gxh5 Kh6 46. a7 Bxa7 47. Bxa7 Kxh5 48. Kg3 g5 49. Bf2 Kg6 50. Kxf3 Kf5 51. Kg3 Kg6 52. Kg4 Kh6 53. Be3 1-0

[Event "TUR-chT2"]
[Site "Konya"]
[Date "2018.07.14"]
[Round "7.15"]
[White "Yenicirak, Gokdeniz Ege"]
[Black "Uysal, Ilyas"]
[Result "1-0"]
[WhiteElo "1620"]
[BlackElo "1649"]
[PlyCount "59"]
[EventDate "2018.07.10"]
[EventType "team-swiss"]
[EventRounds "9"]
[EventCountry "TUR"]
[SourceTitle "EXT 2019"]
[Source "ChessBase"]
[SourceDate "2018.10.10"]
[SourceVersion "1"]
[SourceVersionDate "2018.10.10"]
[SourceQuality "1"]
[WhiteTeam "Yalova Beyaz Fil"]
[BlackTeam "Afyonkarahisar Deha"]
[WhiteTeamCountry "TUR"]
[BlackTeamCountry "TUR"]

1. e4 c5 2. Nf3 d6 3. d4 cxd4 4. Nxd4 Nf6 5. Nc3 a6 6. Bg5 e6 7. f4 Nbd7 8. Qf3 Qc7 9. 0-0-0 b5 10. g4 Bb7 11. Bxf6 Nxf6 12. g5 b4 13. Ncb5 axb5 14. Nxb5 Qb6 15. gxf6 Rxa2 16. fxg7 Ra1+ 17. Kd2 Rxd1+ 18. Kxd1 Bxg7 19. Bc4 Bxb2 20. f5 Bc6 21. fxe6 Bxb5 22. Qxf7+ Kd8 23. e7+ Kc8 24. Bxb5 Qxb5 25. Rf1 Re8 26. Qe6+ Kc7 27. Rf5 Qc6 28. Rf8 Bg7 29. Qf7 Bxf8 30. exf8Q+ 1-0

[Event "TUR-chT2"]
[Site "Konya"]
[Date "2018.07.12"]
[Round "4.25"]
[White "Kantar, Cihat Celaleddin"]
[Black "Uysal, Ilyas"]
[Result "0-1"]
[WhiteElo "1496"]
[BlackElo "1649"]
[PlyCount "73"]
[EventDate "2018.07.10"]
[EventType "team-swiss"]
[EventRounds "9"]
[EventCountry "TUR"]
[SourceTitle "EXT 2019"]
[Source "ChessBase"]
[SourceDate "2018.10.10"]
[SourceVersion "1"]
[SourceVersionDate "2018.10.10"]
[SourceQuality "1"]
[WhiteTeam "Erdem Kultur Egitim"]
[BlackTeam "Afyonkarahisar Deha"]
[WhiteTeamCountry "TUR"]
[BlackTeamCountry "TUR"]

1. Nf3 c5 2. d4 cxd4 3. Nxd4 Nc6 4. Nc3 Nf6 5. e4 d6 6. Bb5 Bd7 7. Be3 g6 8. 0-0 Bg7 9. Nb3 0-0 10. Bd3 Ng4 11. Bd2 a5 12. a4 Nd4 13. h3 Nxb3 14. cxb3 Ne5 15. Bc2 Bc6 16. Be3 Nd7 17. Rb1 Nc5 18. f3 Qb6 19. Bf2 Rfd8 20. Nd5 Bxd5 21. Qxd5 Rac8 22. Rfd1 e6 23. Qd2 d5 24. Qe2 d4 25. e5 Nxb3 26. Bxb3 Qxb3 27. Bxd4 Qxa4 28. Bc3 Qc6 29. Kh1 a4 30. Bb4 Rd5 31. Rxd5 Qxd5 32. Bd6 Qc4 33. Re1 b5 34. Qe3 Qa2 35. f4 Rc2 36. Qg3 Rxb2 37. Rg1 0-1

[Event "TUR-chT2"]
[Site "Konya"]
[Date "2017.07.15"]
[Round "9.23"]
[White "Mollaoglu, Salih"]
[Black "Uysal, Ilyas"]
[Result "0-1"]
[WhiteElo "1528"]
[BlackElo "1625"]
[PlyCount "81"]
[EventDate "2017.07.09"]
[EventType "team-swiss"]
[EventRounds "9"]
[EventCountry "TUR"]
[SourceTitle "CBM 179 Extra"]
[Source "ChessBase"]
[SourceDate "2017.08.23"]
[SourceVersion "1"]
[SourceVersionDate "2017.08.23"]
[SourceQuality "1"]
[WhiteTeam "Karaman Idman Yurdu"]
[BlackTeam "Genclik Deha"]
[WhiteTeamCountry "TUR"]
[BlackTeamCountry "TUR"]

1. Nf3 g6 2. g3 Bg7 3. Nc3 Nf6 4. d4 d6 5. e4 0-0 6. h3 a6 7. Bd3 b5 8. a3 c5 9. Be3 cxd4 10. Nxd4 Nbd7 11. Qd2 Qc7 12. f4 Bb7 13. 0-0 Nc5 14. Qg2 e5 15. Nde2 Qc6 16. fxe5 dxe5 17. Bxc5 Qxc5+ 18. Kh2 Ne8 19. b4 Qc7 20. a4 bxa4 21. Nxa4 Nd6 22. Nc5 a5 23. Nxb7 Nxb7 24. b5 Nc5 25. Qf3 Kh8 26. g4 f5 27. Qg2 f4 28. Qf3 Rfd8 29. Rfd1 a4 30. Ra3 Bf8 31. Rc3 Qa5 32. Ra1 Nxd3 33. Rxd3 Qxb5 34. Nc3 Rxd3 35. Qxd3 Qxd3 36. cxd3 a3 37. Kg2 Bc5 38. Nd1 Bb4 39. Kf3 a2 40. Ke2 Ra3 41. h4 0-1

[Event "TUR-chT2"]
[Site "Konya"]
[Date "2017.07.12"]
[Round "5.13"]
[White "Uysal, Ilyas"]
[Black "Mete, Onur Koray"]
[Result "0-1"]
[WhiteElo "1625"]
[BlackElo "1748"]
[PlyCount "68"]
[EventDate "2017.07.09"]
[EventType "team-swiss"]
[EventRounds "9"]
[EventCountry "TUR"]
[SourceTitle "CBM 179 Extra"]
[Source "ChessBase"]
[SourceDate "2017.08.23"]
[SourceVersion "1"]
[SourceVersionDate "2017.08.23"]
[SourceQuality "1"]
[WhiteTeam "Genclik Deha"]
[BlackTeam "Derince Turgut"]
[WhiteTeamCountry "TUR"]
[BlackTeamCountry "TUR"]

1. e4 c6 2. d4 d5 3. Nc3 dxe4 4. Nxe4 Bf5 5. Ng3 Bg6 6. Nf3 Nd7 7. h4 h6 8. h5 Bh7 9. Bd3 Bxd3 10. Qxd3 Qc7 11. Bd2 Ngf6 12. c4 e6 13. Ne4 Nxe4 14. Qxe4 Nf6 15. Qe2 Bd6 16. Bc3 Qe7 17. 0-0-0 0-0-0 18. Ne5 Rhf8 19. Rh3 Kb8 20. Ba5 Bc7 21. Rb3 Ka8 22. Bb4 Bd6 23. Bxd6 Rxd6 24. c5 Rd5 25. Nc4 Rd7 26. Ra3 Kb8 27. Qe5+ Rc7 28. Rdd3 Nd5 29. Qxg7 Qg5+ 30. Qxg5 hxg5 31. g4 f5 32. Rf3 Nf4 33. Rxa7 Kxa7 34. Ra3+ Kb8 0-1

[Event "TUR-chT2"]
[Site "Konya"]
[Date "2017.07.11"]
[Round "4.16"]
[White "Erdem, Salih"]
[Black "Uysal, Ilyas"]
[Result "1/2-1/2"]
[WhiteElo "1595"]
[BlackElo "1625"]
[PlyCount "65"]
[EventDate "2017.07.09"]
[EventType "team-swiss"]
[EventRounds "9"]
[EventCountry "TUR"]
[SourceTitle "CBM 179 Extra"]
[Source "ChessBase"]
[SourceDate "2017.08.23"]
[SourceVersion "1"]
[SourceVersionDate "2017.08.23"]
[SourceQuality "1"]
[WhiteTeam "Ataturk Univ"]
[BlackTeam "Genclik Deha"]
[WhiteTeamCountry "TUR"]
[BlackTeamCountry "TUR"]

1. d4 Nf6 2. c4 g6 3. Nc3 Bg7 4. e4 d6 5. f3 0-0 6. Be3 e5 7. d5 Nh5 8. Qd2 f5 9. Bg5 Bf6 10. Bxf6 Qxf6 11. 0-0-0 Nd7 12. exf5 gxf5 13. g4 Nf4 14. Nge2 fxg4 15. fxg4 Nc5 16. Nxf4 Qxf4 17. Qxf4 Rxf4 18. h3 Bd7 19. Be2 Raf8 20. Rdf1 Ne4 21. Nxe4 Rxe4 22. Rxf8+ Kxf8 23. Bd3 Rf4 24. Rf1 Rxf1+ 25. Bxf1 Kg7 26. Be2 h5 27. g5 h4 28. Bf1 Kg6 29. Kd2 Kxg5 30. Ke3 c6 31. a3 Be8 32. Be2 Bf7 33. Bf1 1/2-1/2

[Event "TUR-chT2"]
[Site "Konya"]
[Date "2017.07.10"]
[Round "3.17"]
[White "Uysal, Ilyas"]
[Black "Yatkin, Osman"]
[Result "0-1"]
[WhiteElo "1625"]
[BlackElo "1744"]
[PlyCount "72"]
[EventDate "2017.07.09"]
[EventType "team-swiss"]
[EventRounds "9"]
[EventCountry "TUR"]
[SourceTitle "CBM 179 Extra"]
[Source "ChessBase"]
[SourceDate "2017.08.23"]
[SourceVersion "1"]
[SourceVersionDate "2017.08.23"]
[SourceQuality "1"]
[WhiteTeam "Genclik Deha"]
[BlackTeam "Koycegiz Su Sporlari"]
[WhiteTeamCountry "TUR"]
[BlackTeamCountry "TUR"]

1. e4 c5 2. Nf3 Nc6 3. Bb5 e6 4. 0-0 Nge7 5. d4 cxd4 6. Nxd4 a6 7. Bxc6 Nxc6 8. Be3 Be7 9. c4 0-0 10. Nc3 Qc7 11. Rc1 Nxd4 12. Qxd4 Bf6 13. Qd3 Qa5 14. Rfd1 b5 15. cxb5 axb5 16. Bc5 Re8 17. a3 Bxc3 18. Rxc3 Bb7 19. Qd4 Bc6 20. e5 Qa4 21. Bb4 Bd5 22. Rdd3 Rec8 23. h4 Rc4 24. Rxc4 Bxc4 25. Rg3 Bd5 26. Qg4 g6 27. Qg5 Rc8 28. h5 Qd1+ 29. Kh2 Qb1 30. hxg6 fxg6 31. Rh3 Qf5 32. Qe3 Rc4 33. Qb6 Qxe5+ 34. g3 Rc8 35. Rh4 Qe2 36. Qe3 Qf1 0-1

[Event "Manavgat Turkey Cup"]
[Site "Manavgat"]
[Date "2016.02.02"]
[Round "6"]
[White "Celik, Berkay"]
[Black "Uysal, Ilyas"]
[Result "1-0"]
[WhiteElo "1814"]
[BlackElo "1752"]
[PlyCount "107"]
[EventDate "2016.01.30"]
[EventType "swiss"]
[EventRounds "11"]
[EventCountry "TUR"]
[SourceTitle "CBM 170 Extra"]
[Source "ChessBase"]
[SourceDate "2016.02.25"]
[SourceVersion "1"]
[SourceVersionDate "2016.02.25"]
[SourceQuality "1"]

1. e4 c5 2. Nf3 Nc6 3. d4 cxd4 4. Nxd4 Nf6 5. Nc3 d6 6. Bg5 e6 7. f4 a6 8. Qd2 Be7 9. 0-0-0 h6 10. Bh4 Qa5 11. g4 Nxe4 12. Nxe4 Qxd2+ 13. Rxd2 Bxh4 14. Nxd6+ Ke7 15. Nxc6+ bxc6 16. Bg2 Rd8 17. Rhd1 Bf6 18. c3 e5 19. Bxc6 Rb8 20. Nxc8+ Rdxc8 21. Rd7+ Kf8 22. Bd5 Rd8 23. Rxf7+ Ke8 24. Ra7 exf4 25. Rxa6 Kf8 26. Ra7 Rd6 27. Rf7+ Ke8 28. Re1+ Kd8 29. Rf8+ Kc7 30. Rxb8 Kxb8 31. c4 Kc7 32. Kc2 Bg5 33. Rf1 Rd8 34. b4 Re8 35. Rf2 Re3 36. h4 Bxh4 37. Rxf4 Bf6 38. Rf3 Re2+ 39. Kb3 Rb2+ 40. Ka3 Rb1 41. c5 Rd1 42. Be4 Rd4 43. Bf5 Kc6 44. Rd3 Rf4 45. Kb3 Bd4 46. a4 h5 47. gxh5 Bxc5 48. Bd7+ Kb6 49. a5+ Ka6 50. bxc5 Kxa5 51. Rd1 Ka6 52. Rd6+ Kb7 53. Rg6 Kc7 54. c6 1-0

[Event "Manavgat Turkey Cup"]
[Site "Manavgat"]
[Date "2016.02.02"]
[Round "5"]
[White "Uysal, Ilyas"]
[Black "Acarbay, Algi"]
[Result "1-0"]
[WhiteElo "1752"]
[BlackElo "1866"]
[PlyCount "73"]
[EventDate "2016.01.30"]
[EventType "swiss"]
[EventRounds "11"]
[EventCountry "TUR"]
[SourceTitle "CBM 170 Extra"]
[Source "ChessBase"]
[SourceDate "2016.02.25"]
[SourceVersion "1"]
[SourceVersionDate "2016.02.25"]
[SourceQuality "1"]

1. Nf3 Nf6 2. d4 d5 3. Bf4 e6 4. Nbd2 c5 5. e3 Nc6 6. c3 Be7 7. Ne5 0-0 8. Bd3 Nxe5 9. Bxe5 Nd7 10. Bg3 f5 11. 0-0 Nf6 12. f3 Kh8 13. Be5 Nd7 14. f4 Nxe5 15. fxe5 Bd7 16. Qe2 Qb6 17. Rab1 a6 18. Qh5 Be8 19. Qf3 Bg6 20. Qh3 Kg8 21. Nf3 Qd8 22. g3 Rc8 23. Rf2 Bg5 24. Re1 c4 25. Bc2 Be7 26. Ref1 h5 27. Kh1 Qe8 28. Nh4 Rc7 29. Nxg6 Qxg6 30. Bd1 Qh6 31. Bxh5 Qxe3 32. Rf4 g5 33. Bg6 Bd8 34. R4f3 Qd2 35. g4 Qxb2 36. Qh6 f4 37. Rh3 1-0